| 000 | 00434nam a22001577a 4500 | ||
|---|---|---|---|
| 005 | 20260421145350.0 | ||
| 008 | 260421b |||||||| |||| 00| 0 eng d | ||
| 020 | _a9789780694890 | ||
| 050 |
_aPR9387.9 _b.A35 |
||
| 100 | _aAkachi Adimora-Ezeigbo | ||
| 245 | _aHands That Crush Stone | ||
| 260 |
_aIBADAN _bUNIVERSITY PRESS PLC _c2010 |
||
| 300 | _aX, 43p. | ||
| 650 |
_aEnglish Literature _vAfrican literature in English |
||
| 942 | _cBK | ||
| 999 |
_c4681 _d4681 |
||